Statistics for Things that start with S by picture

Click here to take the quiz!

General Stats

  • This quiz has been taken 43 times
  • The average score is 17 of 20

Answer Stats

Answer% Correct
Snowman
100%
Sand
100%
Shark
100%
Strawberry
100%
Sun
100%
Sea
100%
Sleep
97%
Seal
97%
Snake
97%
Sun Glasses
97%
Sandwich
92%
Saw
89%
Sheep
83%
Soldier
83%
Stable
75%
Shoes
72%
St. Bernard
69%
Satin
61%
Stag
53%
Sap
31%

Score Distribution

Percentile by Number Answered

Percent of People with Each Score

Your Score History

You have not taken this quiz